000 00578nam a2200205 a 4500
005 20140310183135.0
008 020819s19uu xx 00 eng d
020 _a0071140727
050 _aHG 4028.V3
_b.B376 1997
100 _aBenninga, Simon
245 _aCorporate finance :
_cSimon Benninga.
_ba valuation approach /
260 _aNew York :
_bMcGraw-Hill,
_c1997.
300 _a445 p. :
_bill. ;
_c24 cm.
500 _aInclude index
521 _aBSBA
650 _aCorporation-valuation
650 _aCorporations-finance
942 _cBK
_2lcc
_kFOR
999 _c19264
_d19264